<?xml version='1.0' encoding='UTF-8'?>
  <record xmlns="http://www.loc.gov/MARC21/slim">
    <leader>00000cam a22000007i 4500</leader>
    <controlfield tag="001">ocm67954181</controlfield>
    <controlfield tag="003">OCoLC</controlfield>
    <controlfield tag="005">20240127100239.6</controlfield>
    <controlfield tag="008">981030s1573    gw            000 0 ger d</controlfield>
    <datafield tag="040" ind1=" " ind2=" ">
      <subfield code="a">NLGGC</subfield>
      <subfield code="b">eng</subfield>
      <subfield code="e">rda</subfield>
      <subfield code="e">dcrmr</subfield>
      <subfield code="c">NLGGC</subfield>
      <subfield code="d">QGJ</subfield>
      <subfield code="d">OCLCL</subfield>
    </datafield>
    <datafield tag="029" ind1="0" ind2=" ">
      <subfield code="a">NLGGC</subfield>
      <subfield code="b">174391102</subfield>
    </datafield>
    <datafield tag="035" ind1=" " ind2=" ">
      <subfield code="a">(OCoLC)67954181</subfield>
    </datafield>
    <datafield tag="100" ind1="1" ind2=" ">
      <subfield code="a">Heshusius, Tilemann,</subfield>
      <subfield code="d">1527-1588,</subfield>
      <subfield code="e">author.</subfield>
      <subfield code="4">aut</subfield>
      <subfield code="1">https://id.oclc.org/worldcat/entity/E39PBJyrWC3B764bVvtYwCvGpP</subfield>
    </datafield>
    <datafield tag="245" ind1="1" ind2="0">
      <subfield code="a">Vrsach vnd Grundt, Warumb ein trewer Pfarrherr oder Seelsorger, einen offfentlichen Vmbusfertigen Sünder, Als Gotteslesterer, halstarrigen Papisten, vberfürten Caluinisten, vberwiesenen Hurern, Ehebrechern oder Wücherer, der keine Busse zusagen wil, bey der Hei. Tauffe nicht solle Geuatter stehen lassen, noch jm das H. Nachtmal reichen /</subfield>
      <subfield code="c">Durch D. Tilemannum Hesshusium.</subfield>
    </datafield>
    <datafield tag="246" ind1="3" ind2=" ">
      <subfield code="a">Ursach und Grundt, Warumb ein trewer Pfarrherr oder Seelsorger, einen offfentlichen Umbusfertigen Sünder, Als Gotteslesterer, halstarrigen Papisten, uberfürten Caluinisten, uberwiesenen Hurern, Ehebrechern oder Wücherer, der keine Busse zusagen wil, bey der Hei. Tauffe nicht solle Gevatter stehen lassen, noch im das H. Nachtmal reichen</subfield>
    </datafield>
    <datafield tag="264" ind1=" " ind2="1">
      <subfield code="a">Gedruckt zu Jhena :</subfield>
      <subfield code="b">durch Donatum Richtzenhan,</subfield>
      <subfield code="c">Anno 1573.</subfield>
    </datafield>
    <datafield tag="300" ind1=" " ind2=" ">
      <subfield code="a">[36] pages ;</subfield>
      <subfield code="c">19 cm (4to)</subfield>
    </datafield>
    <datafield tag="336" ind1=" " ind2=" ">
      <subfield code="a">text</subfield>
      <subfield code="b">txt</subfield>
      <subfield code="2">rdacontent</subfield>
    </datafield>
    <datafield tag="337" ind1=" " ind2=" ">
      <subfield code="a">unmediated</subfield>
      <subfield code="b">n</subfield>
      <subfield code="2">rdamedia</subfield>
    </datafield>
    <datafield tag="338" ind1=" " ind2=" ">
      <subfield code="a">volume</subfield>
      <subfield code="b">nc</subfield>
      <subfield code="2">rdacarrier</subfield>
    </datafield>
    <datafield tag="340" ind1=" " ind2=" ">
      <subfield code="m">4to</subfield>
      <subfield code="2">rdabf</subfield>
    </datafield>
    <datafield tag="500" ind1=" " ind2=" ">
      <subfield code="a">Initials.</subfield>
    </datafield>
    <datafield tag="500" ind1=" " ind2=" ">
      <subfield code="a">Signatures: A-D⁴ E².</subfield>
    </datafield>
    <datafield tag="500" ind1=" " ind2=" ">
      <subfield code="a">Contains also: Ein andere Schrifft, D.Tilemani Hesshusij, vnd etlicher Theologen im Fürstenthumb Neuburgk an der Tonaw, Daß Christliche trewe Seelsorger mit guten Gewissen nicht können noch sollen lesterliche Papisten, oder Sectirer,  oder halstarrige Epicurer, bey der Tauffe Geuatter stehen lassen. - Signed: Tilemnanus Hesshusius D. vnd Superintendens M. Joannes Kleinaw, vnd andere Theologi ...</subfield>
    </datafield>
    <datafield tag="510" ind1="4" ind2=" ">
      <subfield code="a">Verzeichnis der im deutschen Sprachbereich erschienenen Drucke des 16. Jahrhunderts (VD 16),</subfield>
      <subfield code="c">H 3150</subfield>
    </datafield>
    <datafield tag="510" ind1="4" ind2=" ">
      <subfield code="3">Hesshusen, Tilemann. Daß, christliche treue Seelsorger:</subfield>
      <subfield code="a">Verzeichnis der im deutschen Sprachbereich erschienenen Drucke des 16. Jahrhunderts (VD 16),</subfield>
      <subfield code="c">H 3025</subfield>
    </datafield>
    <datafield tag="700" ind1="1" ind2=" ">
      <subfield code="a">Musäus, Johann,</subfield>
      <subfield code="d">1551-1619,</subfield>
      <subfield code="e">dedicatee.</subfield>
      <subfield code="4">dte</subfield>
      <subfield code="1">https://id.oclc.org/worldcat/entity/E39PBJd3QkcbjyfHgJ4jxw3YT3</subfield>
    </datafield>
    <datafield tag="700" ind1="0" ind2=" ">
      <subfield code="a">Wolfgang,</subfield>
      <subfield code="c">Pfalzgraf, Herzog von Zweibrücken und Neuburg,</subfield>
      <subfield code="d">1526-1569,</subfield>
      <subfield code="e">dedicatee.</subfield>
      <subfield code="4">dte</subfield>
      <subfield code="1">https://id.oclc.org/worldcat/entity/E39PBJdRyddDrJffCcCvmTx4bd</subfield>
    </datafield>
    <datafield tag="700" ind1="1" ind2=" ">
      <subfield code="a">Kleinau, Johannes,</subfield>
      <subfield code="d">1527-1602,</subfield>
      <subfield code="e">contributor.</subfield>
      <subfield code="4">ctb</subfield>
      <subfield code="1">https://id.oclc.org/worldcat/entity/E39PBJdGPv8tVDv3H8kCvwb8G3</subfield>
    </datafield>
    <datafield tag="700" ind1="1" ind2="2">
      <subfield code="i">Container of (work):</subfield>
      <subfield code="a">Heshusius, Tilemann,</subfield>
      <subfield code="d">1527-1588.</subfield>
      <subfield code="t">Daß Christliche trewe Seelsorger mit guten Gewissen nicht können noch sollen lesterliche Papisten, oder Sectirer, oder halstarrige Epicurer, bey der Tauffe Geuatter stehen lassen.</subfield>
    </datafield>
    <datafield tag="700" ind1="1" ind2=" ">
      <subfield code="a">Richtzenhan, Donat,</subfield>
      <subfield code="d">active 1559-1600,</subfield>
      <subfield code="e">printer.</subfield>
      <subfield code="4">prt</subfield>
      <subfield code="1">https://id.oclc.org/worldcat/entity/E39PBJmtBBMm7qRdxvhTcvMMfq</subfield>
    </datafield>
    <datafield tag="752" ind1=" " ind2=" ">
      <subfield code="a">Germany</subfield>
      <subfield code="d">Jena,</subfield>
      <subfield code="e">publication place.</subfield>
      <subfield code="4">pup</subfield>
    </datafield>
    <datafield tag="758" ind1=" " ind2=" ">
      <subfield code="i">has work:</subfield>
      <subfield code="a">Vrsach vnd Grundt, Warumb ein trewer Pfarrherr oder Seelsorger, einen offfentlichen Vmbusfertigen Sünder, Als Gotteslesterer, halstarrigen Papisten, vberfürten Caluinisten, vberwiesenen Hurern, Ehebrechern oder Wücherer, der keine Busse zusagen wil, bey der Hei. Tauffe nicht solle Geuatter stehen lassen, noch jm das H. Nachtmal reichen (Text)</subfield>
      <subfield code="1">https://id.oclc.org/worldcat/entity/E39PCFv4FymyYkM3F9cgC8KXBd</subfield>
      <subfield code="4">https://id.oclc.org/worldcat/ontology/hasWork</subfield>
    </datafield>
  </record>